Multiples of 7 Quiz - Statistics

General Stats
  • This quiz has been taken 278 times
  • The average score is 24 of 25
Answer Stats
Answer % Correct
7
100%
14
99%
21
99%
28
99%
35
99%
56
99%
42
98%
63
98%
49
97%
70
97%
77
97%
84
97%
105
96%
112
96%
91
96%
98
96%
119
94%
126
94%
133
94%
140
94%
147
94%
154
93%
161
93%
168
93%
175
93%
No matching quizzes found
Score Distribution
Percent of People with Each Score
Percentile by Number Answered
Your Score History
You have not taken this quiz